000 00982nam a22003257a 4500
001 BR7906269
003 BR-BrBNA
005 20230928090135.0
007 ta
008 230509b bl.||||| |||| 00| 0 por d
040 _aBR-BrBNA
_bpor
_cBiblioteca Nacional de Agricultura
041 _a(Por)
072 _aF60; U10
_b1410
_b9205
090 _ 1410 BR7906269
100 1 _aAlvarenga, L.C. de
110 1 _aUniversidade Federal de Vicosa, MG (Brasil)
_0Tese (Magister Scientiae)
245 1 _aTransporte de agua em graos de feijao-preto sob condicoes de secagem e repouso [Equilibrio higroscopico]
260 3 _aVicosa, MG (Brasil):
_c1979.
300 _a58 p.
500 _a17 illus.; 5 tables; 35 ref.; Summary (Por)
650 _aFisiologia vegetal
650 _aMatematica
650 _aFeijao preto
650 _aGrao
650 _aUmidade
650 _aSecagem
650 _aEquilibrio higroscopico
909 _a202309
_bLucia
_c55
_dLucia Elande
942 _cBK
999 _c27927
_d27927